000 00976nam a2200253 a 4500
001 BRCA_5995
005 20190320205307.0
008 290311s1949----enka######---#000-0#eng-#
041 _aeng
044 _aenk
050 4 _aNK7156
_b.B35 1949
100 1 _aBainbridge, Henry Charles
_915140
245 1 0 _aPeter Carl Faberge
_bgoldsmith and jeweller to the Russiam imperial court and the principal crowned heads of Europe : an illustrated record and review of his life and work, A.D. 1846-1920
_cHenry Charles Bainbridge ; foreword by Sachevenell Sitwell.
260 _aLondres
_bB. T. Batsford
_c1949
300 _axxiv, 169 p.
_bil. (algunas a color), 125 láminas
_c30 cm.
500 _aIncluye índice alfabético y lista de ilustraciones
500 _aG105
600 1 4 _aFaberge, Peter Carl
_d1846-1920
_915141
650 1 4 _aOrfebrería
_zRusia
_915142
650 1 4 _aJoyería
_zRusia
_915143
700 1 _aSitwell, Sachevenell
_915144
902 _aGFM
942 _2lcc
_cB
999 _c5684
_d5684